|
|
|
|
| LEADER |
00000nab a2200000 a 4500 |
| 001 |
vtls010099148 |
| 003 |
SK-MaSNL |
| 005 |
20260426094954.0 |
| 008 |
190315c2010 xo |r|||||n |000 b|slo |
| 015 |
|
|
|a SNBRB2010/05
|2 snkbucl
|
| 038 |
|
|
|a SNKBUCL
|
| 040 |
|
|
|a SNKBUCL
|b slo
|c SNKBUCL
|e AACR2
|
| 041 |
0 |
|
|a slo
|
| 044 |
|
|
|a xo
|c SK
|
| 080 |
|
|
|a 73/76.034.3:061.4
|x (437.6)
|2 2001
|
| 080 |
|
|
|a 061.4
|2 2001
|
| 080 |
|
|
|a 069.02:72/76
|x (437.6)
|2 2001
|
| 100 |
1 |
|
|a Podušel, Ľubomír,
|d 1953-
|4 aut
|9 89283
|
| 245 |
1 |
0 |
|a Renesancia
|c Ľubomír Podušel
|
| 300 |
|
|
|b Obr.
|
| 610 |
2 |
7 |
|a Slovenská národná galéria
|2 snkbucl
|9 59840
|
| 611 |
2 |
7 |
|a Renesancia
|g výstava
|d (2009-2010 :
|c Bratislava, Slovensko)
|2 snkbucl
|9 133681
|
| 650 |
0 |
7 |
|a renesancia
|2 snkbucl
|9 4038
|
| 650 |
0 |
7 |
|a výstavy
|2 snkbucl
|9 2780
|
| 650 |
0 |
7 |
|a výtvarné umenie
|2 snkbucl
|9 723
|
| 651 |
|
7 |
|a Bratislava (Slovensko)
|2 snkbucl
|9 14568
|
| 773 |
0 |
|
|t Literárny (dvoj)týždenník
|g Roč. XXIII, č. 11-12 (2010), s. 13
|x 0862-5999
|
| 852 |
|
|
|a SNK
|b KIS3GCP
|
| 958 |
|
|
|a SK
|
| 999 |
|
|
|c 3153201
|d 3155131
|